[Event "AUTO-OPEN-1299"]
[Site "http://www.queenalice.com/game.php?id=476223"]
[Date "2008.10.11"]
[Round "1"]
[White "goldenboy"]
[Black "Filhodocapeta"]
[Result "1-0"]
[WhiteElo "2107"]
[BlackElo "1817"]

1. e4 e5 2. Nf3 Nc6 3. Bc4 Bc5 4. d3 Nf6 5. Nc3 d6 6. Bg5 h6 7. Bh4 Bg4 8. h3
Bxf3 9. Qxf3 Qe7 10. Nd5 Nd4 11. Nxf6+ gxf6 12. Qd1 O-O-O 13. c3 Nc6 14. Qf3
Rhg8 15. Bxf6 Qe8 16. Bxd8 Qxd8 17. O-O Qg5 18. Bxf7 Rg7 19. Be6+ Kb8 20. Bg4 a6
21. a4 Rh7 22. Qf5 Qg7 23. Qc8+ Ka7 24. b4 Rh8 25. Qd7 Qxd7 26. Bxd7 Nxb4 27.
cxb4 Bxb4 28. f4 exf4 29. Rxf4 Bc3 30. Raf1 Bd4+ 31. Kh1 Rd8 32. Bg4 c5 33. Rf8
Rxf8 34. Rxf8 a5 35. Rf7 Ka6 36. Bc8 Kb6 37. Rxb7+ Kc6 38. Rh7 d5 39. exd5+ Kxd5
40. Rxh6 1-0

[Event "AUTO-OPEN-1299"]
[Site "http://www.queenalice.com/game.php?id=476224"]
[Date "2008.10.11"]
[Round "1"]
[White "Filhodocapeta"]
[Black "goldenboy"]
[Result "0-1"]
[WhiteElo "1815"]
[BlackElo "2103"]

1. e4 e5 2. Nf3 Nc6 3. Bb5 Bc5 4. O-O Nge7 5. c3 a6 6. Bxc6 Nxc6 7. d4 exd4 8.
cxd4 Ba7 9. d5 Ne7 10. Bg5 d6 11. Re1 f6 12. Bh4 Ng6 13. Bg3 Bg4 14. Nc3 h5 15.
h3 h4 16. Bh2 Bh5 17. Nd4 Bxd1 18. Ne6 Qe7 19. Raxd1 Nf8 20. Nxf8 Rxf8 21. Re2
O-O-O 22. Rde1 Bd4 23. Nb1 Be5 24. Bxe5 Qxe5 0-1

[Event "AUTO-OPEN-1299"]
[Site "http://www.queenalice.com/game.php?id=476233"]
[Date "2008.10.11"]
[Round "1"]
[White "Prosperidade"]
[Black "Filhodocapeta"]
[Result "1-0"]
[WhiteElo "1440"]
[BlackElo "1847"]

1. d4 d5 2. Bf4 Nc6 3. e3 Bf5 4. a3 Qd7 5. c4 O-O-O 6. cxd5 Qxd5 7. Nc3 Qd7 8.
Nf3 Bg4 9. Be2 f6 10. h3 Bxf3 11. Bxf3 e5 12. Bg3 exd4 13. Bxc6 Qxc6 14. Qg4+
Kb8 15. exd4 Ne7 16. O-O Nd5 17. Rac1 g5 18. Nxd5 Bc5 19. Rxc5 Qa6 20. Bxc7+ Ka8
21. Bxd8 1-0

[Event "AUTO-OPEN-1299"]
[Site "http://www.queenalice.com/game.php?id=476234"]
[Date "2008.10.11"]
[Round "1"]
[White "Filhodocapeta"]
[Black "Prosperidade"]
[Result "0-1"]
[WhiteElo "1856"]
[BlackElo "1289"]

1. e4 e5 2. Nf3 d6 3. d4 exd4 4. Qxd4 a6 5. Bc4 Nc6 6. Ng5 Nxd4 7. Bxf7+ Ke7 8.
Na3 h6 9. Bxg8 Rxg8 10. Nh7 Qe8 11. Nxf8 Rxf8 12. O-O Qg6 13. Re1 Bh3 14. g3
Nf3+ 0-1

[Event "Challenge"]
[Site "http://www.queenalice.com/game.php?id=479683"]
[Date "2008.10.19"]
[Round "-"]
[White "Filhodocapeta"]
[Black "jw16js"]
[Result "1-0"]
[WhiteElo "1795"]
[BlackElo "1588"]

1. e4 e5 2. Nf3 Bd6 3. Bc4 a6 4. d4 exd4 5. Ng5 Nh6 6. Qxd4 f6 7. Nf3 Nc6 8. Qd3
Nb4 9. Qc3 b5 10. Bb3 Qe7 11. Bxh6 gxh6 12. O-O Bb7 13. Re1 Bxe4 14. a3 Qe5 15.
Nxe5 Nxc2 16. Bxc2 Bxe5 17. Qc5 Bxc2 18. Qxc2 O-O 19. Nc3 Rae8 20. Nd5 c6 21.
Nb4 a5 22. Nd3 Bd4 23. Rxe8 Rxe8 24. g3 Kf7 25. Qd2 Kg7 26. Re1 Rxe1+ 27. Nxe1
c5 28. Qxa5 b4 29. axb4 cxb4 30. Qxb4 Be5 31. Qg4+ Kf7 32. Qxd7+ Kg6 33. Nf3
Bxb2 34. Qe8+ Kf5 35. Qh5+ Ke4 36. Kg2 Be5 37. Nxe5 fxe5 38. Qxh6 Kd4 39. Qxh7
e4 40. f3 exf3+ 41. Kxf3 Kc3 42. h4 Kd2 43. g4 Ke1 44. g5 Kf1 45. g6 Kg1 46. g7
Kh2 47. g8=Q Kh1 48. Qg2# 1-0

[Event "Challenge"]
[Site "http://www.queenalice.com/game.php?id=482579"]
[Date "2008.10.24"]
[Round "-"]
[White "Aguinaldo"]
[Black "Filhodocapeta"]
[Result "1-0"]
[WhiteElo "1847"]
[BlackElo "1723"]

1. e4 e5 2. Nf3 Nc6 3. Bb5 a6 4. Bxc6 dxc6 5. d4 exd4 6. Qxd4 Qxd4 7. Nxd4 Bd7
8. Bf4 O-O-O 9. c3 Bc5 10. b4 Bxd4 11. cxd4 Bg4 12. Be3 f5 13. exf5 Nf6 14. f3
Bxf5 15. O-O Rhe8 16. Bg5 Re7 17. Bxf6 gxf6 18. Nc3 Rxd4 19. a3 Bd3 20. Rfd1 Re3
21. Ne2 Rd5 22. Nf4 Rd8 23. Nxd3 Rexd3 24. Rxd3 Rxd3 25. Kf2 Rd2+ 26. Kg3 Rd4
27. Ra2 f5 28. f4 Kd7 29. Kf3 Rd3+ 30. Ke2 Rd4 31. Kf3 Rd3+ 32. Ke2 Rd5 33. Rb2
c5 34. h3 Rd6 35. bxc5 Re6+ 36. Kf3 Kc6 37. g4 fxg4+ 38. hxg4 Kxc5 39. Rxb7 Rc6
40. f5 Kd5 41. Rb4 Rc3+ 42. Kf4 Rxa3 43. g5 Rc3 44. f6 Ke6 45. Ra4 Rc6 46. Re4+
Kf7 47. Re5 h6 48. Re7+ Kg6 49. Rg7+ Kh5 50. f7 hxg5+ 51. Rxg5+ Kh4 52. f8=Q
Rc4+ 53. Kf5 1-0

[Event "jw16js"]
[Site "http://www.queenalice.com/game.php?id=483312"]
[Date "2008.10.26"]
[Round "1"]
[White "mudinho"]
[Black "Filhodocapeta"]
[Result "1-0"]
[WhiteElo "1645"]
[BlackElo "1747"]

1. e4 e5 2. Nf3 Nc6 3. Nc3 Nf6 4. Bc4 Bc5 5. h3 b5 6. Bxb5 O-O 7. Bxc6 dxc6 8.
Nxe5 Bxf2+ 9. Kxf2 Qd4+ 10. Ke1 Qxe5 11. d4 Qg3+ 12. Kf1 Re8 13. e5 Nd5 14. Nxd5
cxd5 15. Qe1 Qg6 16. c3 Qd3+ 17. Qe2 Qf5+ 18. Qf2 Qh5 19. Qe2 Qxe2+ 20. Kxe2
Ba6+ 21. Kd1 Re6 22. Bf4 Rae8 23. b3 f6 24. exf6 Rxf6 25. Bxc7 Re2 26. g3 Rff2
27. Re1 Rd2+ 28. Kc1 Rc2+ 29. Kb1 Rb2+ 30. Kc1 Rfc2+ 31. Kd1 Be2+ 32. Rxe2 Rxe2
33. Kc1 Rh2 34. g4 Rbg2 35. Bxh2 Rxh2 36. c4 dxc4 37. bxc4 Rxh3 38. Kd2 Rh4 39.
Rg1 Rh2+ 40. Kc3 Rxa2 41. c5 Re2 42. Kc4 Kf7 43. c6 Re7 44. d5 Kf6 45. d6 Re4+
46. Kd5 Re7 47. dxe7 Kxe7 48. c7 1-0

[Event "Challenge"]
[Site "http://www.queenalice.com/game.php?id=486273"]
[Date "2008.11.1"]
[Round "-"]
[White "Filhodocapeta"]
[Black "Tourniquet"]
[Result "1-0"]
[WhiteElo "1791"]
[BlackElo "1780"]

1. e4 e5 2. Nf3 d6 3. d4 exd4 4. Nxd4 Nf6 5. Nc3 Bd7 6. Bc4 a6 7. O-O b5 8. Bd3
Nc6 9. Nxc6 Bxc6 10. Re1 Be7 11. Bg5 O-O 12. e5 Nd5 13. Bxe7 Nxe7 14. exd6 Qxd6
15. Ne4 Bxe4 16. Rxe4 f5 17. Re2 Rae8 18. c4 b4 19. Qb3 Kh8 20. Rae1 c5 21. Re6
Qd7 22. R6e2 Nc6 23. Rxe8 Rxe8 24. Rxe8+ Qxe8 25. g3 g6 26. Qa4 Qc8 27. Be2 Ne5
28. f4 Nd7 29. a3 Nb6 30. Qd1 1-0

[Event "Challenge"]
[Site "http://www.queenalice.com/game.php?id=489787"]
[Date "2008.11.8"]
[Round "-"]
[White "vininb"]
[Black "Filhodocapeta"]
[Result "1-0"]
[WhiteElo "1906"]
[BlackElo "1803"]

1. e4 e5 2. Nf3 Nc6 3. Bb5 a6 4. Ba4 Nf6 5. O-O Be7 6. d4 exd4 7. Nxd4 O-O 8.
Nc3 b5 9. Bb3 Bb7 10. Re1 Bc5 11. Be3 Nxd4 12. Bxd4 Bxd4 13. Qxd4 Re8 14. a3 Re6
15. Bxe6 fxe6 16. e5 Ne8 17. Rad1 Qg5 18. Ne4 Qe7 19. Qxd7 Qxd7 20. Rxd7 Bc6 21.
Rd3 h6 22. Rg3 Rd8 23. Nf6+ Nxf6 24. exf6 Rd7 25. Rxg7+ Rxg7 26. fxg7 Kxg7 27.
Rxe6 Bb7 28. Re7+ 1-0

[Event "Espírito Santo sempre vencerá!"]
[Site "http://www.queenalice.com/game.php?id=494574"]
[Date "2008.11.17"]
[Round "-"]
[White "Filhodocapeta"]
[Black "jeancarlo1910"]
[Result "0-1"]
[WhiteElo "1813"]
[BlackElo "1768"]

1. e4 e5 2. Nf3 Nc6 3. Bb5 Nf6 4. O-O Nxe4 5. d4 exd4 6. Nxd4 Nd6 7. Bxc6 dxc6
8. Re1+ Be7 9. Nc3 Be6 10. Nxe6 fxe6 11. Rxe6 O-O 12. Qg4 Bf6 13. Bf4 Qd7 14.
Bh6 Rf7 15. Rxf6 Qxg4 0-1

[Event "Corinthians também sempre vence"]
[Site "http://www.queenalice.com/game.php?id=494575"]
[Date "2008.11.17"]
[Round "-"]
[White "jeancarlo1910"]
[Black "Filhodocapeta"]
[Result "1-0"]
[WhiteElo "1742"]
[BlackElo "1775"]

1. d4 Nf6 2. Nc3 d5 3. Bg5 Bf5 4. e3 Nc6 5. Bb5 e5 6. dxe5 h6 7. Bh4 Ne4 8. Bxd8
Rxd8 9. Nf3 a6 10. Bxc6+ bxc6 11. Nxe4 dxe4 12. Nd4 c5 13. c3 cxd4 14. exd4 c5
15. Qa4+ Bd7 16. Qxa6 cxd4 17. O-O Be7 18. cxd4 O-O 19. a3 Rc8 20. Rfc1 Rb8 21.
b4 f6 22. Qc4+ Kh8 23. h3 fxe5 24. dxe5 Rbc8 25. Qxe4 Rce8 26. f4 Bh4 27. Kh2
Rf7 28. g3 Bd8 29. Qg6 1-0

[Event "Challenge"]
[Site "http://www.queenalice.com/game.php?id=509644"]
[Date "2008.12.18"]
[Round "-"]
[White "Filhodocapeta"]
[Black "marcet"]
[Result "0-1"]
[WhiteElo "1758"]
[BlackElo "1874"]

1. e4 e6 2. d4 d5 3. Nc3 c5 4. Be3 Nc6 5. dxc5 d4 6. Bxd4 Nxd4 7. Bd3 Bxc5 8.
Nf3 Qf6 9. Bb5+ Nc6 10. Bxc6+ bxc6 11. O-O Ne7 12. Qd3 O-O 13. e5 Qh6 14. Rad1
Bb7 15. Ne4 Bb6 16. Nd6 Rad8 17. Qa3 Ba8 18. Nc4 Rxd1 19. Rxd1 c5 20. Nxb6 axb6
21. Rd7 Nc6 22. c3 Qc1+ 0-1

[Event "Challenge"]
[Site "http://www.queenalice.com/game.php?id=510766"]
[Date "2008.12.21"]
[Round "-"]
[White "dotromundo"]
[Black "Filhodocapeta"]
[Result "1-0"]
[WhiteElo "1820"]
[BlackElo "1790"]

1. Nf3 d5 2. e3 Nf6 3. h3 Nc6 4. d4 Bf5 5. a3 e6 6. b4 Bd6 7. Nc3 O-O 8. Bb2 e5
9. dxe5 Nxe5 10. Ne2 Nxf3+ 11. gxf3 Qd7 12. Rg1 Qe6 13. Nd4 Qd7 14. Rg5 Be6 15.
Nb5 Be7 16. f4 a6 17. Nd4 Ne4 18. Rg1 Bxh3 19. Rxg7+ Kxg7 20. Nf5+ Kg8 21. Nh6#
1-0

[Event "AUTO-OPEN-1438"]
[Site "http://www.queenalice.com/game.php?id=539019"]
[Date "2009.2.12"]
[Round "1"]
[White "degrau"]
[Black "Filhodocapeta"]
[Result "1-0"]
[WhiteElo "1746"]
[BlackElo "1700"]

1. d4 Nf6 2. Nc3 d5 3. Bg5 Bf5 4. e3 Qd6 5. Be2 Nc6 6. Nb5 Qd7 7. Bf4 Rc8 8. Nf3
e6 9. h4 Bb4+ 10. c3 Ba5 11. Ne5 Bb6 12. Nxd7 Nxd7 13. g4 Be4 14. f3 1-0

[Event "AUTO-OPEN-1438"]
[Site "http://www.queenalice.com/game.php?id=539020"]
[Date "2009.2.12"]
[Round "1"]
[White "Filhodocapeta"]
[Black "degrau"]
[Result "0-1"]
[WhiteElo "1668"]
[BlackElo "1912"]

1. e4 e5 2. Nf3 Nc6 3. Bb5 Bd6 4. d4 Nf6 5. dxe5 Nxe5 6. Nxe5 a6 7. Bc4 Bxe5 8.
Bg5 Bxb2 9. e5 Bxa1 10. exf6 Bxf6 11. Bf4 Qe7+ 12. Be2 d6 13. O-O O-O 14. Bd3
Be6 15. c4 Be5 16. Bc1 g6 17. Bh6 Qh4 18. g3 Qxh6 19. Nd2 b5 20. Re1 Bc3 21. Re2
Bxd2 22. Rxd2 Bxc4 23. Be4 Rae8 24. Bb7 Re5 25. Bc6 Qh5 26. Qc1 Rc5 0-1

[Event "AUTO-OPEN-1438"]
[Site "http://www.queenalice.com/game.php?id=539049"]
[Date "2009.2.12"]
[Round "1"]
[White "mrcoelho"]
[Black "Filhodocapeta"]
[Result "1-0"]
[WhiteElo "1755"]
[BlackElo "1714"]

1. e4 e5 2. Nf3 Nc6 3. d4 exd4 4. Nxd4 Bc5 5. Be3 Nf6 6. Nxc6 bxc6 7. Bxc5 Nxe4
8. Bd4 O-O 9. Bd3 Re8 10. O-O d5 11. Qh5 Qe7 12. Re1 Qb4 13. Bc3 Nxc3 14. Qxh7+
Kf8 15. Qh8# 1-0

[Event "AUTO-OPEN-1438"]
[Site "http://www.queenalice.com/game.php?id=539050"]
[Date "2009.2.12"]
[Round "1"]
[White "Filhodocapeta"]
[Black "mrcoelho"]
[Result "0-1"]
[WhiteElo "1662"]
[BlackElo "1818"]

1. e4 e5 2. Nf3 Nc6 3. Bb5 a6 4. Ba4 Nf6 5. O-O Bc5 6. Nc3 d6 7. Nd5 b5 8. Bb3
Na5 9. d4 exd4 10. Nxd4 Bxd4 11. Qxd4 Nxd5 12. Qxd5 Be6 13. Qd2 Nxb3 14. axb3
Qf6 15. Re1 O-O 16. Rf1 Qg6 17. f4 Qxe4 18. Re1 Qg6 19. Rf1 Bf5 20. c4 bxc4 21.
bxc4 Bd3 22. Rd1 Bxc4 23. Qc3 Bb5 0-1

[Event "jw16js"]
[Site "http://www.queenalice.com/game.php?id=545200"]
[Date "2009.2.23"]
[Round "2"]
[White "Filhodocapeta"]
[Black "spawnwolfwolverine"]
[Result "0-1"]
[WhiteElo "1686"]
[BlackElo "1646"]

1. e4 e5 2. Nf3 d6 3. d4 exd4 4. Nxd4 Bd7 5. Bc4 Nc6 6. Nxc6 Bxc6 7. O-O Nf6 8.
Nc3 Be7 9. Nd5 Bxd5 10. exd5 O-O 11. Bd2 c6 12. dxc6 bxc6 13. Re1 d5 14. Bd3 Bc5
15. c3 Qb6 16. Be3 Bxe3 17. Rxe3 Rae8 18. Rg3 Ne4 0-1